[Event "AUTO-OPEN-4633"]
[Site "http://www.queenalice.com/game.php?id=1867759"]
[Date "2026.1.9"]
[Round "1"]
[White "MarcosT"]
[Black "josebaron"]
[Result "0-1"]
[WhiteElo "2051"]
[BlackElo "2164"]

1. d4 d5 2. e3 Nf6 3. Nd2 e6 4. Bd3 Bd6 5. f4 c5 6. c3 c4 7. Bc2 O-O 8. Ngf3 Nc6
9. Ne5 Bxe5 10. fxe5 Nd7 11. O-O f5 12. exf6 Rxf6 13. Qh5 Rxf1+ 14. Nxf1 Nf6 15.
Qh4 Bd7 16. Nd2 e5 17. Nf3 e4 18. Ne5 Nxe5 19. dxe5 Ng4 20. Qg3 Qe7 21. Bd2 Rf8
22. b3 Rf2 23. Rd1 h5 24. e6 Bxe6 25. Qb8+ Rf8 26. Qxa7 Qf7 0-1

[Event "AUTO-OPEN-4633"]
[Site "http://www.queenalice.com/game.php?id=1867760"]
[Date "2026.1.9"]
[Round "1"]
[White "josebaron"]
[Black "MarcosT"]
[Result "1-0"]
[WhiteElo "2172"]
[BlackElo "2063"]

1. e4 e5 2. Nf3 Nf6 3. Nc3 Nc6 4. Bb5 a6 5. Bxc6 dxc6 6. Nxe5 Bc5 7. O-O O-O 8.
Nf3 Re8 9. d3 Bg4 10. h3 Bh5 11. g4 Bg6 12. Nh4 Bxe4 13. dxe4 Qe7 14. Nf5 Qe5
15. Kg2 Nxe4 16. Nxe4 Qxe4+ 17. Qf3 Qc4 18. c3 Re2 19. Be3 Bxe3 20. Nxe3 Rxb2
21. Nxc4 1-0

[Event "AUTO-OPEN-4633"]
[Site "http://www.queenalice.com/game.php?id=1867762"]
[Date "2026.1.9"]
[Round "1"]
[White "Tonto"]
[Black "MarcosT"]
[Result "0-1"]
[WhiteElo "1996"]
[BlackElo "2008"]

1. e4 e5 2. Nf3 Nf6 3. Nc3 Nc6 4. Be2 Bc5 5. d3 O-O 6. O-O a6 7. Bg5 Re8 8. Bxf6
Qxf6 9. Nd5 Qd8 10. c3 d6 11. d4 exd4 12. cxd4 Ba7 13. e5 dxe5 14. Bc4 exd4 15.
Nf4 Bg4 16. Bd5 Ne5 17. Qb3 Bxf3 18. Bxf3 Nxf3+ 19. Qxf3 c6 20. Rad1 Qb6 21. Nh5
Qxb2 22. Qg4 d3 23. Qg3 d2 24. Kh1 Bd4 25. Qg4 Re6 26. Nf4 Re7 27. Qg5 Rae8 28.
Nd3 Qc2 29. Rxd2 Qc4 30. h4 Bf6 31. Qf4 Re4 32. Qc7 Rxh4+ 33. Kg1 Qd5 34. Rfd1
Qh5 35. g3 Rh1+ 36. Kg2 Rxd1 37. Rxd1 Qxd1 38. Nf4 Be5 39. Qxb7 Bxf4 40. gxf4
Qd5+ 41. Kg3 h5 42. Qc7 g6 43. a4 Qd3+ 44. Kh4 Qf5 45. Kg3 Qg4+ 46. Kh2 Re1 47.
Qd8+ Kh7 48. Qf6 Qg1+ 49. Kh3 Qh1+ 50. Kg3 Rg1# 0-1

[Event "AUTO-OPEN-4635"]
[Site "http://www.queenalice.com/game.php?id=1868280"]
[Date "2026.1.21"]
[Round "1"]
[White "MarcosT"]
[Black "dimitridruloza2012"]
[Result "1-0"]
[WhiteElo "2017"]
[BlackElo "1739"]

1. d4 b6 2. e3 Bb7 3. Nf3 g6 4. c3 Bg7 5. Be2 Nf6 6. O-O e6 7. Nbd2 Ng4 8. h3
Nh6 9. Ne5 Bxe5 10. dxe5 Qg5 11. Nf3 Qe7 12. e4 Ng8 13. Qc2 Nc6 14. Bg5 f6 15.
exf6 Nxf6 16. Bd3 h6 17. Bh4 g5 18. Bg3 O-O-O 19. Rad1 g4 20. hxg4 Nxg4 21. Bh4
Qg7 22. Bxd8 Nxd8 23. Qa4 Kb8 24. Ba6 Rg8 25. Bxb7 Kxb7 26. Rxd7 Qg6 27. Rfd1
Nh2 28. Rxc7+ Kxc7 29. Rd7+ Kc8 30. Qc4+ Kxd7 31. Ne5+ Ke7 32. Nxg6+ Rxg6 33.
Kxh2 Nb7 34. Qc7+ Kf6 35. e5+ Kf5 36. Qf7+ Kg5 37. f4+ Kh5 38. g4+ Kxg4 39.
Qxg6+ Kxf4 40. Qg3+ Kf5 41. Qf3+ Kxe5 42. Qxb7 h5 43. Qxa7 b5 44. Qc5+ Kf6 45.
Qxh5 e5 46. Kg3 Ke6 47. Kf3 b4 48. Ke4 bxc3 49. Qxe5+ Kd7 50. Kd5 c2 51. Qe6+
Kd8 52. Kd6 c1=N 53. Qd7# 1-0

[Event "AUTO-OPEN-4640"]
[Site "http://www.queenalice.com/game.php?id=1869633"]
[Date "2026.2.22"]
[Round "1"]
[White "MarcosT"]
[Black "game"]
[Result "1-0"]
[WhiteElo "2037"]
[BlackElo "1717"]

1. d4 c6 2. e3 d5 3. Nc3 Nf6 4. Nf3 Bg4 5. Be2 Bf5 6. O-O e6 7. Nh4 Bd6 8. Nxf5
Ne4 9. Nxg7+ Kf8 10. Nh5 Rg8 11. Bf3 Bc7 12. Nxe4 dxe4 13. Bxe4 Nd7 14. f4 Nf6
15. Nxf6 Qxf6 16. Bd2 Qg7 17. Qe2 Bb6 18. c3 f5 19. Bd3 Ke7 20. Rf3 Raf8 21. Rg3
Qh6 22. c4 Rg6 23. Bb4+ c5 24. dxc5 Rfg8 25. cxb6+ Kd7 26. Rxg6 Rxg6 27. bxa7
Rg8 28. Qf3 Kc7 29. Bd6+ Kxd6 30. Qxb7 Qg6 31. Qb8+ Kc5 32. a8=Q Qxg2+ 33. Qxg2
1-0

[Event "AUTO-OPEN-4640"]
[Site "http://www.queenalice.com/game.php?id=1869634"]
[Date "2026.2.22"]
[Round "1"]
[White "game"]
[Black "MarcosT"]
[Result "0-1"]
[WhiteElo "1721"]
[BlackElo "2033"]

1. e4 e5 2. Nf3 Nf6 3. Nc3 Bc5 4. Nxe5 Nc6 5. f4 Nxe5 6. fxe5 Nxe4 7. Nxe4 Qh4+
8. g3 Qxe4+ 9. Qe2 Qxh1 10. d3 O-O 11. Bd2 d6 12. O-O-O Qc6 13. Bg2 Qb6 14. Be4
dxe5 15. Bc3 a5 16. Bxe5 a4 17. Qh5 Be3+ 18. Kb1 Bh6 19. g4 Ra5 20. a3 f6 21.
Rf1 Rxe5 22. Bd5+ Be6 23. g5 Bxd5 24. Qg4 Rxg5 25. Qd7 Bf7 26. Re1 Rg1 27. Rxg1
Qxg1# 0-1

[Event "AUTO-OPEN-4640"]
[Site "http://www.queenalice.com/game.php?id=1869635"]
[Date "2026.2.22"]
[Round "1"]
[White "MarcosT"]
[Black "zubarev"]
[Result "1-0"]
[WhiteElo "2040"]
[BlackElo "1631"]

1. d4 d5 2. e3 Bf5 3. c4 Nf6 4. Be2 e6 5. c5 Nc6 6. a3 Be7 7. Nf3 Ne4 8. Nc3 O-O
9. O-O Bg6 10. Nxe4 Bxe4 11. Ne5 Nxe5 12. dxe5 Bxc5 13. Bd3 Bxd3 14. Qxd3 c6 15.
b4 Be7 16. Bb2 f6 17. f4 c5 18. bxc5 fxe5 19. Bxe5 Bxc5 20. Kh1 Qb6 21. Rab1 Qa6
22. Qc3 b6 23. Bxg7 Rf7 24. Bh6 Rc8 25. Rbc1 Qe2 26. Rf3 1-0

[Event "AUTO-OPEN-4640"]
[Site "http://www.queenalice.com/game.php?id=1869636"]
[Date "2026.2.22"]
[Round "1"]
[White "zubarev"]
[Black "MarcosT"]
[Result "0-1"]
[WhiteElo "1675"]
[BlackElo "2053"]

1. e4 e5 2. Nf3 Nf6 3. Nc3 Bc5 4. d3 Nc6 5. Be2 O-O 6. O-O a6 7. Bg5 Be7 8. Bxf6
Bxf6 9. Nd5 Re8 10. c4 Nd4 11. Nxd4 exd4 12. f4 d6 13. Bg4 c6 14. Bxc8 cxd5 15.
Bxb7 Rb8 16. Bxa6 dxe4 17. Bb5 e3 18. Re1 Re7 19. a4 Qa5 20. Qf3 Qd2 21. Re2
Qxd3 22. c5 Qb3 23. cxd6 Re6 24. Qc6 d3 25. Qc7 Rd8 26. Bc4 Qb4 27. Bxd3 Rexd6
28. Bc2 Rd2 29. Rxd2 Qxd2 30. h3 Qf2+ 31. Kh2 e2 32. Qa5 Qxf4+ 33. Kg1 Bd4+ 34.
Kh1 Qf1+ 35. Rxf1 exf1=Q+ 36. Kh2 Bg1+ 37. Kg3 Qf2+ 38. Kg4 Rd4+ 39. Kh5 Qh4#
0-1